Statistics for Hammersmith & City Line London Underground (Any Order)

Click here to take the quiz!

General Stats

  • This quiz has been taken 628 times
  • The average score is 24 of 29

Answer Stats

HintAnswer% Correct
1Hammersmith
99%
14King's Cross St. Pancras
91%
18Liverpool Street
90%
13Euston Square
89%
9Paddington
89%
15Farringdon
88%
19Aldgate East
87%
11Baker Street
87%
16Barbican
87%
10Edgware Road
86%
12Great Portland Street
86%
17Moorgate
86%
6Ladbroke Grove
84%
5Latimer Road
84%
3Shepherd's Bush Market
84%
2Goldhawk Road
83%
29Barking
82%
25West Ham
81%
28East Ham
80%
22Mile End
79%
8Royal Oak
79%
20Whitechapel
79%
4Wood Lane
78%
7Westbourne Park
75%
24Bromley-By-Bow
74%
23Bow Road
73%
21Stepney Green
73%
26Plaistow
71%
27Upton Park
70%

Score Distribution

Percentile by Number Answered

Percent of People with Each Score

Your Score History

You have not taken this quiz